000 00710nam a2200241Ia 4500
003 OSt
005 20220923224331.0
006 a|||||r|||| 00| 0
007 ta
008 Pun
024 _a231,364
037 _cTextual
040 _aARTS
_cARTS
_bPun
041 _2Pun
_aPun
082 _aNT, 153M9
100 _aਆਤਮਜੀਤ
245 0 _aਨਾਟਕ ਦਾ ਨਿਰਦੇFਨ
260 _aਚੰਡੀਗੜ
_b ਪੰਜਾਬ ਸਟੇਟ ਯੂਨੀਵਰਸਿਟੀ ਟੈਕਸਟ ਬੱੁਕ ਬੋਰਡ
_c1989
300 _a224ਪੰ
_ccm.
650 _aਵਧੀਆ ਕਲਾ
_9156314
942 _hNT, 153M9
_cTEXL
_2CC
999 _c370748
_d370748